Slovenský premiér v Bavorsku o vyvažovaní vzťahov s Bonnom Francúzsko a Nemecko jednoznačne podporujú vývoj v SR

Bibliographic Details
Main Author: Mečiar, Vladimír, 1942- (Author)
Format: Article
Language:Slovak
PhysicalDescription:Fotogr. 1
Subjects:

MARC

LEADER 00000nab a2200000 a 4500
001 vtls000541620
003 SK-MaSNL
005 20260426102451.0
008 160202c1995 xo 0 slo
015 |a SNBRB19rr/mm-uuuuu 
035 |a CL0541758 
040 |a SNKBUCL  |b slo  |c SNKBUCL  |e AACR2 
041 0 |a slo 
044 |a xo  |c SK 
080 |a 327(437.6:430)  |2 1981 
080 |a 327(430:437.6)  |2 1981 
245 0 0 |a Slovenský premiér v Bavorsku o vyvažovaní vzťahov s Bonnom  |b Francúzsko a Nemecko jednoznačne podporujú vývoj v SR 
300 |b Fotogr. 1 
650 0 7 |a zahraničná politika  |2 snkbucl  |9 971 
651 7 |a Slovensko  |2 snkbucl  |9 14231 
651 7 |a Nemecko  |2 snkbucl  |9 21020 
655 7 |a články z novín a časopisov  |2 snkbucl  |9 267496 
700 1 |a Mečiar, Vladimír,  |d 1942-  |4 aut  |9 10144 
773 0 |t Slovenská republika  |g Roč. 2, č. 70 (24. 3. 1995), s. 1 a 4 
850 |a Slovenská národná knižnica v Martine  |a MTA001 
852 |a SNK  |b KIS3GCP 
958 |a RK 
958 |a DE 
958 |a SK 
992 |a RBX 
999 |c 3256921  |d 3258851